| 000 | 00000nam##2200000za#4500 |
| 001 | 9.604276 |
| 003 | CaOODSP |
| 005 | 20210624211505 |
| 007 | cr ||||||||||| |
| 008 | 150406|2006||||xxc|||||o f|0| 0 fre|d |
| 040 | |aCaOODSP|bfre |
| 043 | |an-cn--- |
| 086 | 1 |aTU3-5/06-32F-PDF |
| 110 | 2 |aBureau de la sécurité des transports du Canada. |
| 245 | 10|aVol dans des conditions météorologiques défavorables au vol à vue et collision avec le terrain du Cessna U206F sur flotteurs C-FASO, exploité par Aviation Mauricie/Aviation atiscan au Lac Caron (Québec), le 19 octobre 2006 |h[ressource électronique] |
| 260 | |aGatineau - Québec : |bBureau de la sécurité des transports du Canada |c2007. |
| 300 | |a5p. |
| 490 | 1 |aRapport d'enquête aéronautique |vA06Q0181 |
| 500 | |a« Le Bureau a autorisé la publication du rapport le 18 octobre 2007 » --p.5. |
| 590 | |a12-33-Supp|b2012-07-18 |
| 775 | 08|tFlight in weather conditions unfavourable for visual flight and collision with terrain - Aviation Mauricie/Aviation Batiscan Cessna U206F (floatplane) C-FASO, Caron Lake, Quebec, 19 October 2006 |w(CaOODSP)9.574532 |
| 830 | #0|aRapport d'enquête aéronautique ;|vA06Q0181|w(CaOODSP)9.501229 |
| 856 | 40|ahttp://publications.gc.ca|qPDF|s129 Ko|uhttps://publications.gc.ca/collections/collection_2012/bst-tsb/TU3-5-06-32-fra.pdf|yA06Q0181 |